000
00256pam a2200121 a 4500
020
_c
041
_a
eng
100
_a
Armstrong H.C.
245
_a
Grey Wolf
_h
Textual Documents
260
_a
New York
_b
Penguin Books Ltd
300
_a
288p.
930
_a
15141
999
_c
92041
_d
92041